| 000 | 00344nam a2200133Ia 4500 | ||
|---|---|---|---|
| 005 | 20260328104248.0 | ||
| 008 | 260328s9999||||xx |||||||||||||| ||und|| | ||
| 100 | _aAsencio, Miguel | ||
| 245 | 0 |
_aArquitectura en el AltiPlano jujeño / _cMiguel Asencio |
|
| 260 | _bLibreria Técnica | ||
| 300 | _a90 p. | ||
| 650 | _aARQUITECTURA | ||
| 942 | _cBK | ||
| 999 |
_c10137 _d10137 |
||